| 000 | 01483ngm a22003610a 4500 | ||
|---|---|---|---|
| 001 | PT25766 | ||
| 003 | AR-LpoUNG | ||
| 005 | 20210201232251.0 | ||
| 007 | co ||u|||uuuuu | ||
| 008 | 191001s2006||||mx |||||||||||||||||spa d | ||
| 040 |
_aAR-LpoUNG _bspa _cAR-LpoUNG _eaacr |
||
| 041 | _aspa | ||
| 044 | _amx | ||
| 082 | 0 | _a005.4 583apl | |
| 100 | 1 | _aPiattini Velthuis, Mario G | |
| 245 | 1 | 0 |
_aAnálisis y diseño de aplicaciones informáticas de gestión : _bsoluciones a los ejercicios |
| 260 |
_aMéxico, D. F. : _bAlfaomega, _c2006. |
||
| 300 | _atbls. | ||
| 505 | 0 | _aAcompaña al impreso | |
| 520 | _aSe presentan los conceptos fundamentales del desarrollo y manenimiento de Sistemas de Información (técnicas, metodologías, calidad, herramientas), y se ofrece un tratamiento sistemático de las técnicas y metodologías más difundidas, como Métrica V3 y UML. Se enfatiza la importancia de la gestión de proyectos y de la calidad en el desarrollo de sistemas y sus aspectos relacionados: pruebas, verificación y validación, gestión de configuración. | ||
| 650 | 4 | _aANALISIS DE SISTEMAS | |
| 650 | 4 | _aBASES DE DATOS | |
| 650 | 4 | _aDISEÑO DE SISTEMAS | |
| 650 | 4 | _aEMPRESAS | |
| 650 | 4 | _aSISTEMAS DE INFORMACION | |
| 650 | 4 | _aTECNOLOGIA | |
| 651 | 4 | _aDOCUMENTOS TEORICOS O METODOLOGICOS | |
| 700 | 1 | _aCalvo-Manzano Villalón, José A. | |
| 700 | 1 | _aCervera Bravo, Joaquín | |
| 700 | 1 | _aFernández Sanz, Luis | |
| 905 | _a25766 | ||
| 942 | _cCDDVD | ||
| 999 |
_c53183 _d53183 |
||